000 00757nam a2200229Ia 4500
003 GCL
008 140319s9999 xx 000 0 ara d
020 _a4834701977
040 _aGCL /
_cGCL
082 0 4 _a792.028
_bف م
100 1 _aحمادة ابراهيم
245 1 0 _aالممثل الكوميدى /
_cحمادة ابراهيم
700 1 _aفيلييه، اندريه
700 1 _aمحمد مهدى قناوى
260 _aالقاهرة :
_bالهيئة المصرية العامة للكتاب ،
_c2003
300 _a225 ص ؛
_c24 سم
490 _aالالف كتاب الثانى
_v0
650 0 4 _aالتمثيل
650 0 4 _aالممثلون والممثلات
650 0 4 _aالتمثيل الكوميدى
942 _2ddc
_cBK
999 _c8745
_d8745